000 00676nam a2200193 i 4500
001 146035
003 ES-MaACL
005 20231206063246.0
007 t|
008 071018s1961 sp ||||1| spa d
100 1 _aVega Díaz, Francisco,
_d1907-1995
_9113597
245 1 0 _aCuatro lecciones de cardiología clínica /
_cFrancisco Vega Díaz.
260 _aTenerife :
_bInstituto de Fisiología y Patología Regionales,
_c[1961]
300 _a136 p. ;
_c21 cm.
650 4 _aCorazón-
_xEnfermedades.
_9144728
710 2 _aInstituto de Fisiología y Patología Regionales de Tenerife.
_94737
852 _aES-MaACL
_jC-23855
_bR.50301
999 _c146035
_d146035